Combat aircraft of world war II 1941-1942

Bibliographic Details
Main Author: Angelucci, Enzo
Other Authors: Matricardi, Paolo
Format: Book
Published: London : Salamander Books Limited , 1988
Subjects:

MARC

LEADER 00000cam a2200000 7i4500
001 0000009842
002 000010719
005 20080109.0
020 |a 0861014154 
090 0 0 |a 358.4183   |b ANG 
100 1 |a Angelucci, Enzo 
245 1 0 |a Combat aircraft of world war II 1941-1942   |c Enzo Angelucci and Paolo Matricardi ; Illustrations by Pierluigi Pinto 
260 |a London :   |b Salamander Books Limited ,   |c 1988 
300 |a 62p. :   |b ill. ;   |c 40cm. 
650 0 0 |a Airplanes, Military 
650 0 0 |a World War,1941-1942   |x Aerial operations 
700 1 |a Matricardi, Paolo 
999 |a 035164   |b BUKU   |c RUJUKAN   |e PERPUSTAKAAN KOMUNITI PETALING JAYA 
999 |a 035165   |b BUKU   |c RUJUKAN   |e PERPUSTAKAAN KOMUNITI PETALING JAYA